ロード中...
Silviculture
| 第一著者: | |
|---|---|
| フォーマット: | Printed Book |
| 言語: | Undetermined |
| 出版事項: |
Thiruvananthapuram
State Institute of Languages
1992
|
| 主題: |
| LEADER | 00520nam a2200157Ia 4500 | ||
|---|---|---|---|
| 008 | 140316s9999 xx 000 0 und d | ||
| 020 | |||
| 082 | |a 634.95 |b NAI/SI | ||
| 100 | |a Nair,C S | ||
| 245 | |a Silviculture | ||
| 260 | |a Thiruvananthapuram |b State Institute of Languages |c 1992 | ||
| 300 | |a 140 | ||
| 650 | |a Forest management | ||
| 942 | |2 ddc |c BK | ||
| 999 | |c 574 |d 574 | ||
| 952 | |0 0 |1 0 |2 ddc |4 0 |6 634_950000000000000_NAISI |7 0 |9 671 |a KAUCLV |b KAUCLV |c GENERAL |d 2014-03-18 |l 4 |o 634.95 NAI/SI |p 201627 |r 2015-04-06 |s 2015-03-17 |w 2014-03-18 |y BK | ||